| 000 | 00533nam a2200181Ia 4500 | ||
|---|---|---|---|
| 003 | BUBTL | ||
| 008 | 151213s9999 xx 000 0 und d | ||
| 082 | _a658.18/ P495m/ 1974 | ||
| 100 |
_aArvind V. Phatak _93118 |
||
| 245 |
_aManaging Multinational Corporation _cArvind V. Phatak |
||
| 260 |
_aNew York _bPraeger _cc1974 |
||
| 300 |
_a[xxi] , 337p . : _bill . Table ; 23cm. |
||
| 650 |
_aMarketing _93119 |
||
| 700 |
_aArvind V. Phatak _93118 |
||
| 856 |
_k0 _l0 _yDownload |
||
| 942 |
_2ddc _cBK |
||
| 999 |
_c2026 _d2026 |
||